000 01173nam a2200217Ia 4500
003 PE SENCICO BE
005 20251020182428.0
008 200515s9999 xx 000 0 und d
040 _aPE SENCICO BE
_cPE SENCICO BE
041 _aspa
082 _a152
_bS55
100 1 _aSilva Santisteban, Luis
_92347
_eautor
245 1 0 _aLa estructura de la experiencia humana /
_cLuis Silva Santisteban
260 _aLima :
_bUniversidad de Lima ;
_c1981
300 _a145 p. :
_c20 cm.
505 0 _aLa estructura de la experiencia: caracterización preliminar -- El mundo como horizonte universal de la experiencia humana -- La intencionalidad -- La reflexión -- La temporalidad -- Unidad estructural -- El rol del cuerpo -- La percepción -- El caracter intersubjetivo de la experiencia humana -- La dimensión cognoscitiva de la experiencia humana.
520 3 _aEl tema de la presente investigación es la estructura esencial de la experiencia humana. La experiencia humana esta primariamente constituida por la relación con objetos y eventos reales, es decir temporales.
650 1 0 _aExperiencia
_92348
650 2 0 _aPruebas de los sentidos
_91052
942 _cLIB
_2ddc
999 _c153
_d153